000 00821nam a22002657a 4500
001 7624
003 FISKH
005 20250728111439.0
008 250728b cb ||||| |||| 00| 0 eng d
020 _a014121700015
040 _aFISKH
_beng
_cFISKH
_dFISKH
050 _aPZ7.W51742 H
082 _a813.54
100 _aWest, Cindy
245 _aHappy Birthday, Roger
_cby Cindy West ; Illustrated by Olivia Cole
260 _aNew York :
_bCheckerboard Press,
_c1988.
300 _a18 unnumbered pages :
_bcolor illustrations ;
_c21 cm
505 _aJ
520 _aRoger the dog gets lost and almost misses his birthday party in this story told in rebus format.
521 8 _a430
_bLexile
521 8 _aJ
_bRaz-Plus
650 _aEverybody
_vFiction Friends
942 _2ddc
_cBK
_n0
999 _c7624
_d7624